000 01229nam0a22003011 4500
001 rc\4440962
005 20260406194712.0
021 _aRU
_b[60-19165]
035 _a(NLR Aleph) 008581605
090 _a8588636
_c8588636
100 _a20130416d1960 |||y0rusy50 ca
101 0 _arus
102 _aRU
105 _ay z |||||
200 1 _aИнструктивно-методическое письмо по диагностике и хирургическому лечению тугоухости при отосклерозе
_fМ-во здравоохранения УССР. Киевский гос. ин-т усовершенствования врачей
210 _aКиев
_cБ. и.
_d1960
215 _a12 с.
_d20
300 _aВ конце текста авт.: доц. Е.М. Харшак, И.А. Яшан
606 _aОтосклероз
_2psbo
606 _aТугоухость
_2psbo
701 1 _aЯшан
_bИ.А.
701 1 _aХаршак
_bЕ.М.
712 0 2 _aКиевский институт усовершенствования врачей
_3RU\NLR\AUTH\889957857
_9411778
801 0 _aRU
_bNLR
_gpsbo
801 1 _aRU
_bELAR
_2rusmarc
852 _aNLR
_j60-4/3520
942 _cBOOK
980 _aNB